Religion Quiz

Random Religion or Bible Quiz

Bible 'K' Blitz Quiz Stats

 Plays Quiz not verified by Sporcle

Score 0/10 Timer 01:30
0 Plays Today
Category Answer % Correct
OccupationKing
91.6%
Old Testament book1 Kings
80.7%
Fruit of the SpiritKindness
62.6%
AnimalKite
37.5%
ValleyKidron
21.4%
CityKitron
14.9%
WomanKeturah
14.8%
PriestKorah
11.3%
RiverKishon
7.1%
Lived 100+ yearsKenan
7.1%

You're not logged in!

Compare scores with friends on all Sporcle quizzes.
OR
Log In

Show Comments

Extras

Top Quizzes Today


Score Distribution

Your Account Isn't Verified!

In order to create a playlist on Sporcle, you need to verify the email address you used during registration. Go to your Sporcle Settings to finish the process.

Report this User

Report this user for behavior that violates our Community Guidelines.

Details: